|
|
|
|
| LEADER |
00000nab a2200000uu 4500 |
| 001 |
vtls011517090 |
| 003 |
SK-MaSNL |
| 005 |
20260304195844.0 |
| 008 |
230704|1971 xo |||||||||||||||||slo| |
| 015 |
|
|
|a SNBRB
|
| 035 |
|
|
|a (urnnbn)urn:nbn:sk:snk:ar-001pq5
|
| 035 |
|
|
|a (uuid)93d57e83-215b-40b9-8035-ac8bc956868a
|
| 035 |
|
|
|a urn:nbn:sk:snk-abe6ct
|
| 040 |
|
|
|a SNKBUCL
|b slo
|c SNKBUCL
|e AACR2
|
| 041 |
0 |
|
|a slo
|
| 044 |
|
|
|a xo
|c SK
|
| 245 |
0 |
0 |
|a S Alexandrom Matuškom
|b rozhovor siedmy
|c otázky red
|
| 600 |
1 |
7 |
|a Matuška, Alexander,
|d 1910-1975
|2 SNKMA
|9 257897
|
| 655 |
|
7 |
|a rozhovory
|2 SNKPH
|9 31831
|
| 700 |
1 |
|
|a Matuška, Alexander,
|d 1910-1975
|4 ive
|9 257897
|
| 773 |
0 |
|
|t Slovenské pohľady
|g Roč. 87, č. 7 (1971), s. 16-24
|
| 850 |
|
|
|a Slovenská národná knižnica
|
| 852 |
|
|
|a Slovenská národná knižnica
|
| 954 |
|
|
|a odborná, vedecká literatúra pôvodná (slovenská)
|2 lita
|
| 958 |
|
|
|a OND
|
| 958 |
|
|
|a EUIPO
|
| 958 |
|
|
|a article21
|
| 999 |
|
|
|c 3083224
|d 3085154
|